Statistics for Countries with the Tallest Mountains

Click here to take the quiz!

General Stats

  • This quiz has been taken 1,402 times
  • The average score is 21 of 25

Answer Stats

Highest PointCountry% Correct
8,848 m (29,029 ft)China
99%
8,848 m (29,029 ft)Nepal
99%
8,586 m (28,169 ft)India
97%
6,194 m (20,322 ft)United States
97%
5,642 m (18,510 ft)Russia
95%
8,611 m (28,251 ft)Pakistan
94%
5,959 m (19,551 ft)Canada
93%
6,960 m (22,835 ft)Argentina
91%
6,893 m (22,615 ft)Chile
91%
7,570 m (24,836 ft)Bhutan
89%
6,768 m (22,205 ft)Peru
88%
7,492 m (24,580 ft)Afghanistan
87%
5,636 m (18,491 ft)Mexico
85%
6,542 m (21,463 ft)Bolivia
82%
5,700 m (18,701 ft)Colombia
82%
6,267 m (20,561 ft)Ecuador
82%
7,010 m (22,999 ft)Kazakhstan
82%
7,495 m (24,590 ft)Tajikistan
81%
5,892 m (19,331 ft)Tanzania
81%
7,439 m (24,406 ft)Kyrgyzstan
80%
5,610 m (18,406 ft)Iran
77%
5,199 m (17,057 ft)Kenya
76%
5,137 m (16,854 ft)Turkey
68%
5,881 m (19,295 ft)Myanmar
63%
5,193 m (17,037 ft)Georgia
59%

Score Distribution

Percentile by Number Answered

Percent of People with Each Score

Your Score History

You have not taken this quiz